| 000 | 00487nam a2200145 a 4500 | ||
|---|---|---|---|
| 001 | 000041215 | ||
| 005 | 20201002034719.0 | ||
| 008 | 130926s1967 nyua 000 0 spa d | ||
| 040 |
_aDO-SdBNP _bspa _cBNPHU |
||
| 082 |
_axxx _bJ39r |
||
| 100 | 1 |
_aJastrow, Robert, _d1925-2008. _967792 |
|
| 245 | 1 | 0 |
_aRed giants and white dwarfs : _bthe evolution of stars, planets, and life / _cRobert Jastrow. |
| 260 |
_aNew York : _bHarper & Row, _c1967. |
||
| 300 |
_axii, 176 p. : _billus., retrs. ; _c25 cm. |
||
| 999 |
_c40705 _d40705 |
||